| 000 -ლიდერი |
| ფიქსირებული სიგრძის საკონტროლო ველი |
01198nam a2200253Ia 4500 |
| 001 - საკონტროლო ნომერი |
| საკონტროლო ველი |
19662 |
| 003 - საკონტროლო ნომრის იდენტიფიკატორი |
| საკონტროლო ველი |
GE_BSU |
| 005 - ბოლო ოპერაციის თარიღი და დრო |
| საკონტროლო ველი |
20200315204721.0 |
| 008 - ფიქსირებული სიგრძის მონაცემთა ელემენტები - ზოგადი ინფორმაცია |
| ფიქსირებული სიგრძის საკონტროლო ველი |
181216s2016||||ge |||||||||||||| ||geo|| |
| 040 ## - კატალოგიზაციის წყარო |
| Transcribing agency |
GE_BSU |
| 041 ## - ენის კოდი |
| Language code of text/sound track or separate title |
geo |
| 080 ## - უნივერსალური ათობითი კლასიფიკაციის ინდექსი |
| Universal Decimal Classification number |
821.353.1-1 ლ-83 |
| 100 ## - მთავარი ჩანაწერი - პიროვნების სახელი |
| Personal name |
ლონდარიძე, შ. (შალვა) |
| 9 (RLIN) |
6702 |
| 245 ## - ცნობა სათაურის შესახებ |
| Title |
ვერტიკალური ჰორიზონტი : |
| Remainder of title |
ლექსები / |
| Statement of responsibility, etc |
შ. ლონდარიძე ; რედ. ნატო კუხიანიძე, ნათელა აბაზაძე ; მხატვ. დავით ბაძაღუა. |
| 250 ## - გამოცემის ცნობა |
| Edition statement |
9789941950933 |
| 264 ## - წარმოების, გამოცემის, დისტრიბუციის და სხვა ცნობები |
| გამოცემის, წარმოების, დისტრიბუციის... ადგილი |
თბილისი : |
| გამოცემის, წარმოების, დისტრიბუციის... სახელწოდება |
კალმასონი, |
| გამოცემის, წარმოების, დისტრიბუციის... თარიღი |
2016. |
| 300 ## - ფიზიკური აღწერა |
| Extent |
122 გვ. : |
| Other physical details |
ილ. ; |
| Dimensions |
20 სმ. |
| 653 ## - INDEX TERM--UNCONTROLLED |
| Uncontrolled term |
ვერტიკალური ჰორიზონტი |
| 653 ## - INDEX TERM--UNCONTROLLED |
| Uncontrolled term |
ლექსები |
| 700 ## - ADDED ENTRY--PERSONAL NAME |
| Personal name |
კუხიანიძე, ნატო |
| Relator term |
რედაქტორი |
| 9 (RLIN) |
7744 |
| 700 ## - ADDED ENTRY--PERSONAL NAME |
| Personal name |
აბაზაძე, ნათელა |
| Relator term |
რედაქტორი |
| 9 (RLIN) |
7745 |
| 700 ## - ADDED ENTRY--PERSONAL NAME |
| Personal name |
ბაძაღუა, დავით |
| Relator term |
მხატვარი |
| 9 (RLIN) |
7746 |
| 942 ## - ADDED ENTRY ELEMENTS (KOHA) |
| Koha item type |
წიგნი |
| Source of classification or shelving scheme |
|